Les Pokémon de la Troisième Génération dans l'ordre - Statistiques

Statistiques générales
  • Ce quiz a été pris 106 fois
  • Le résultat moyen est 83 sur 135
Statistiques - réponses
# Nom % Correct
0252 Arcko
100%
0253 Massko
92%
0254 Jungko
88%
0257 Brasegali
84%
0256 Galifeu
84%
0255 Poussifeu
84%
0259 Flobio
80%
0258 Gobou
80%
0260 Laggron
80%
0266 Armulys
76%
0268 Blindalys
76%
0267 Charmillon
76%
0265 Chenipotte
76%
0305 Galegon
76%
0304 Galekid
76%
0306 Galeking
76%
0282 Gardevoir
76%
0262 Grahyena
76%
0273 Grainipiot
76%
0277 Heledelle
76%
0281 Kirlia
76%
0264 Lineon
76%
0271 Lombre
76%
0272 Ludicolo
76%
0261 Medhyena
76%
0270 Nenupiot
76%
0276 Nirondelle
76%
0269 Papinox
76%
0274 Pifeuil
76%
0280 Tarsal
76%
0275 Tengalice
76%
0263 Zigzaton
76%
0295 Brouhabam
72%
0293 Chuchmur
72%
0301 Delcatty
72%
0292 Munja
72%
0303 Mysdibule
72%
0290 Ningale
72%
0291 Ninjask
72%
0294 Ramboum
72%
0300 Skitty
72%
0279 Bekipan
68%
0309 Dynavolt
68%
0310 Elecsprint
68%
0278 Goelise
68%
0289 Monaflemit
68%
0287 Parecool
68%
0302 Tenefix
68%
0288 Vigoroth
68%
0283 Arakdo
64%
0285 Balignon
64%
0323 Camerupt
64%
0322 Chamallot
64%
0286 Chapignon
64%
0386 Deoxys
64%
0371 Draby
64%
0372 Drackhaus
64%
0373 Drattak
64%
0383 Groudon
64%
0382 Kyogre
64%
0284 Maskadra
64%
0376 Metalosse
64%
0375 Metang
64%
0312 Negapi
64%
0311 Posipi
64%
0384 Rayquaza
64%
0378 Regice
64%
0377 Regirock
64%
0379 Registeel
64%
0298 Azurill
60%
0308 Charmina
60%
0297 Hariyama
60%
0385 Jirachi
60%
0380 Latias
60%
0381 Latios
60%
0314 Lumivole
60%
0296 Makuhita
60%
0307 Meditikka
60%
0313 Muciole
60%
0299 Tarinor
60%
0374 Terhal
60%
0334 Altaria
56%
0317 Avaltout
56%
0340 Barbicha
56%
0339 Barloche
56%
0324 Chartor
56%
0316 Gloupti
56%
0315 Roselia
56%
0327 Spinda
56%
0333 Tylton
56%
0326 Groret
52%
0328 Kraknoix
52%
0330 Libegon
52%
0369 Relicanth
52%
0337 Seleroc
52%
0338 Solaroc
52%
0325 Spoink
52%
0329 Vibraninf
52%
0349 Barpau
48%
0331 Cacnea
48%
0332 Cacturne
48%
0318 Carvanha
48%
0366 Coquiperl
48%
0365 Kaimorse
48%
0370 Lovdisc
48%
0335 Mangriff
48%
0350 Milobellus
48%
0351 Morpheo
48%
0363 Obalie
48%
0364 Phogleur
48%
0368 Rosabyss
48%
0367 Serpang
48%
0336 Seviper
48%
0319 Sharpedo
48%
0320 Wailmer
48%
0321 Wailord
48%
0347 Anorith
44%
0348 Armaldo
44%
0343 Balbuto
44%
0342 Colhomard
44%
0341 Ecrapince
44%
0344 Kaorine
44%
0352 Kecleon
44%
0345 Lilia
44%
0346 Vacilys
44%
0359 Absol
40%
0358 Eoko
40%
0362 Oniglali
40%
0361 Stalgamin
40%
0357 Tropius
40%
0354 Branette
36%
0353 Polichombr
36%
0355 Skelenox
36%
0356 Teraclope
36%
0360 Okeoke
32%
Aucun quiz correspondant
Distribution des résultats
% des personnes avec chaque résultat
Percentile par nombre de réponses
Votre historique - résultats
Vous n’avez pas pris ce quiz